Ritual de la adoración nocturna española. Compuesto por su Consejo Supremo según los acuerdos de las Asamblea Eucarísticas Nacionales. (Parte segunda del reglamento)

Detalles Bibliográficos
Formato: Libro
Lenguaje:Spanish
Publicado: Madrid 1912
Materias:
Colección:Banco de datos
Acervo:Biblioteca de la Congregación del Oratorio de San Felipe Neri de México. Iglesia La Profesa
Descripción Física:402 p. 17 cm.
Tema general:Liturgia
Notas:Encuadernación en keratol. Sello en tinta del Oratorio de San Felipe Neri de México. Biblioteca La Profesa, D.F. Daños en la encuadernación
LEADER 00824nam a22001690004500
035 |a 2470 
041 0 |a spa 
245 1 0 |a Ritual de la adoración nocturna española. Compuesto por su Consejo Supremo según los acuerdos de las Asamblea Eucarísticas Nacionales. (Parte segunda del reglamento) 
260 |a Madrid  |b Est. Tipográfico "sucesores de Rivadeneyra"impresores de la Real Casa  |c 1912 
300 |a 402 p.  |c 17 cm. 
500 |a Encuadernación en keratol. Sello en tinta del Oratorio de San Felipe Neri de México. Biblioteca La Profesa, D.F. Daños en la encuadernación 
504 |a Índice de contenido 
650 1 0 |a Liturgia 
949 |a Iglesia La Profesa, Biblioteca 4677 
942 |c PROFESA 
943 |g Biblioteca de la Congregación del Oratorio de San Felipe Neri de México. Iglesia La Profesa 
999 |c 949281  |d 949281